5HLuxD.jpg

KING HENRY VIII SENIOR AND PRIMARY SCHOOL LIBRARY OPAC

CROWFALL (Record no. 5453)

000 -LEADER
fixed length control field 00336nam a22001217a 4500
008 - FIXED-LENGTH DATA ELEMENTS--GENERAL INFORMATION
fixed length control field 250918b ||||| |||| 00| 0 eng d
020 ## - INTERNATIONAL STANDARD BOOK NUMBER
International Standard Book Number 9781407197272
082 ## - DEWEY DECIMAL CLASSIFICATION NUMBER
Classification number 823.92 HAR
100 ## - MAIN ENTRY--PERSONAL NAME
Personal name HARDY,VASHTI
Relator term AUTHOR
Language of a work ENGLISH
245 ## - TITLE STATEMENT
Title CROWFALL
260 ## - PUBLICATION, DISTRIBUTION, ETC.
Place of publication, distribution, etc. EUSTON HOUSE,24 EVERSHOLT STREET,LONDON,NW1 1DB
Name of publisher, distributor, etc. SCHOLASTIC
Date of publication, distribution, etc. 2021
942 ## - ADDED ENTRY ELEMENTS (KOHA)
Source of classification or shelving scheme
Holdings
Withdrawn status Lost status Source of classification or shelving scheme Damaged status Not for loan Collection code Permanent Location Current Location Shelving location Date acquired Source of acquisition Full call number Barcode Date last seen Price effective from Koha item type Public note
          Fiction KH8 Primary School Library KH8 Primary School Library Fiction 2025-09-18 SOF 823.92 HAR KHPL000007612 2025-12-05 2025-09-18 Books - Fiction PRIMARY LIBRARY

Powered By KH8 IT Dept